• 首页
  • 本馆介绍
  • 公告通知
  • 最新文献
  • 馆藏检索
  • 电子资源
  • 读者导购
  • 参考咨询
  • 我的图书馆
  • 登录
  • 详细信息显示
  • 放入我的书架
  • 预约/预借图书
  • 作者相关作品
  • 分类相关作品
  • 丛书相关作品
  • 出版社相关作品

书目信息

  • 表格格式
  • 工作单格式
  • 卡片格式
题名:
黎曼几何(英文版)
    
 
作者: 彼得森 著
分册:  
出版信息: 北京   科学出版社  
页数: 401页
开本: 26cm
丛书名: 国外数学名著系列;影印版30
单 册:
中图分类: O186.12
科图分类:
主题词: 几何 , 拓扑
电子资源:
ISBN: 978-7-03-018294-4
000 00688nam0 2200229 450
001 0732828906
005 20070903090708.90
010    @a978-7-03-018294-4@b精装@d¥76.00
100    @a20070903d km y0chiy0120 ea
101 0  @achi
200 1  @a黎曼几何(英文版)@Ali man ji he(ying wen ban)@f(美)彼得森(Petersen,P.)著@F(mei)bi de sen(Petersen,P.)zhu
205    @a2版
210    @a北京@c科学出版社
215    @a401页@d26cm
225 2  @a国外数学名著系列;影印版30
410  0 @12001 @a国外数学名著系列;影印版30
606 0  @a几何
606 0  @a拓扑
690    @aO186.12@v3
701  0 @a彼得森@Abi de sen@bPetersen,P.@4著
801  0 @aCN@bPFT@c20070903
905    @a213230@dO186.12@eS182@f1
    
    黎曼几何(英文版)/(美)彼得森(Petersen,P.)著.-2版.-北京:科学出版社
    401页;26cm.-(国外数学名著系列;影印版30)
    
    
    ISBN 978-7-03-018294-4(精装):¥76.00
    
●
相关链接 在E读中查询图书 在五车中查询图书 在当当中查询图书 在豆瓣中查询图书


正题名:黎曼几何(英文版)     索取号:O186.12/S182         预约/预借

序号 登录号 条形码 馆藏地/架位号 状态 备注
1 6704969   267049696   密集书库-数信学院/ [索取号:O186.12/S182] 在馆    
2 6704970   267049703   密集书库-数信学院/ [索取号:O186.12/S182] 在馆    
3 6704971   267049712   密集书库-数信学院/ [索取号:O186.12/S182] 在馆    
4 6705211   267052119   密集书库-数信学院/ [索取号:O186.12/S182] 在馆    
唐山师范学院图书馆 欢迎您!
大连网信软件有限公司© 版权所有